00353nam a2200145Ia 4500003000400000008004100004040001600045082001300061100001300074245003100087260004200118300001000160650001500170650002200185GCL140319s9999 xx 000 0 eng d aGCL / cGCL04a843bS L1 aSTENDHAL10aLUCIEN LEUWEN / cSTENDHAL a[S.N] : bLE LIVRE DE POCHE ، c1973 a741 P04aLITERATURE04aFRENCH LITERATURE